A question of power / (Record no. 32010)

000 -LEADER
fixed length control field 00467nam a2200157 4500
008 - FIXED-LENGTH DATA ELEMENTS--GENERAL INFORMATION
fixed length control field 240520b |||||||| |||| 00| 0 eng d
050 ## - LIBRARY OF CONGRESS CALL NUMBER
Classification number PR9408 .B6
Item number H42 1974
100 ## - MAIN ENTRY--PERSONAL NAME
Personal name Head, Bessie
245 ## - TITLE STATEMENT
Title A question of power /
260 ## - PUBLICATION, DISTRIBUTION, ETC. (IMPRINT)
Place of publication, distribution, etc. Heinemann
Name of publisher, distributor, etc. Essex
Date of publication, distribution, etc. 1974
300 ## - PHYSICAL DESCRIPTION
Extent 206 p. ;
Dimensions 22cm
440 ## - SERIES STATEMENT/ADDED ENTRY--TITLE
Title African writers series
650 ## - SUBJECT ADDED ENTRY--TOPICAL TERM
Topical term or geographic name as entry element Women teachers
General subdivision Fiction
650 ## - SUBJECT ADDED ENTRY--TOPICAL TERM
Topical term or geographic name as entry element Botswana
General subdivision Fiction
942 ## - ADDED ENTRY ELEMENTS (KOHA)
Source of classification or shelving scheme
Koha item type Africana (Books)
Classification part PR9408 .B6H42 1974
Holdings
Withdrawn status Lost status Source of classification or shelving scheme Damaged status Not for loan Home library Current library Shelving location Date acquired Source of acquisition Cost, normal purchase price Full call number Barcode Date last seen Price effective from Koha item type
          MACHAKOS UNIVERSITY LIBRARY MACHAKOS UNIVERSITY LIBRARY Africana 02/05/2024 Purchase-Corporate Campus 2298.00 PR9408 .B55H4 1974 39866 02/05/2024 20/05/2024 Africana (Books)
          MACHAKOS UNIVERSITY LIBRARY MACHAKOS UNIVERSITY LIBRARY Africana 02/05/2024 Purchase-Corporate Campus 2298.00 PR9408 .B55H4 1974 39867 02/05/2024 20/05/2024 Africana (Books)
© Machakos University Library, Along The Highway, Machakos Wote Rd, Machakos, Kenya P.O. Box 136 - 90100 Machakos - Kenya

Tel: ( +254 ) 723 805829 OR Fax : 044-20353 OR Email: library@mksu.ac.ke